000 00726nam a2200289Ia 4500
005 20260324115834.0
008 008 260324s9999 xx 000 0 eng d
020 _a9780429255182
037 _aEBOOK
040 _aCRL
040 _beng
040 _cCRL
041 _2eng
041 _aeng
084 _qCRL
100 _aBruce Nelson; Bob Sproull
_91156208
245 0 _aFocus and Leverage
245 4 _bThe Critical Methodology for Theory of Constraints, Lean, and Six Sigma (TLS)
260 _bTaylor and Francis
260 _c2016
365 _a
365 _b290
856 _uhttp://www.taylorfrancis.com/books/9780429255182
942 _cEBOOK
999 _c1747383
_d1747383